MARC

LEADER 00000nam0a2200000 4500
001 377173
005 20231102012904.0
035 |a (RuTPU)RU\TPU\retro\34619 
090 |a 377173 
100 |a 20230210d1927 ek y0rusy50 ca 
101 0 |a rus 
102 |a RU 
105 |a a j 000zy 
200 1 |a Эксплуатация буровых скважин  |e для профшкол и школ ученичества в горной промышленности  |f И. В. Френкель 
210 |a Москва  |a Ленинград  |c Государственное изд-во  |d 1927 
215 |a 64 с.  |c ил. 
606 1 |a Буровые скважины  |x Бурение  |2 stltpush  |3 (RuTPU)RU\TPU\subj\30609  |9 53694 
610 1 |a тартание 
610 1 |a желонки 
610 1 |a чаны 
610 1 |a сжатый воздух 
610 1 |a поршневое тартание 
610 1 |a глубокие насосы 
610 1 |a передачи 
610 1 |a полиспасты 
610 1 |a рычаги 
610 1 |a нефть 
610 1 |a исследования 
610 1 |a эксплуатация 
675 |a 622.24.082(075.32)  |v 4 
700 1 |a Френкель  |b И. В. 
712 0 2 |a Профессиональный союз горнорабочих СССР  |b Центральный комитет  |c (1920-1931)  |2 stltpush  |3 (RuTPU)RU\TPU\col\14706  |9 25990 
801 1 |a RU  |b 63413507  |c 20230210 
801 2 |a RU  |b 63413507  |c 20230210  |g RCR 
942 |c BK